000 00743nam a2200217 a 4500
005 20250331184354.0
007 ta
008 961221s1996 ck c gr 000 0 spa
015 _ack-1996-xxxx
020 _a9583301760
040 _aCO-CtgCURN
_bspa
_ccoctgcurn
082 0 4 _a303.4909
_bR741
_220
100 1 _aRojas Rodríguez, Humberto,
_d1932-
245 1 0 _aCómo construir el mundo del siglo XXI /
_cHumberto Rojas Rodríguez.
250 _a2a. ed.
260 _aBogotá :
_bAgora,
_c1996.
300 _a276 p. :
_bretrs. ;
_c22 cm.
650 1 4 _aPredicciones sociales
_zColombia
_ySiglo XXI
_vEnsayos, conferencias, etc.
942 _2ddc
_cBK
_h303.4909
_iR741
999 _c17634
_d17634